00770nam a22002177a 450000500170000001000150001702000260003203500130005803700130007108200150008410000220009924500550012126000300017627000670020630000310027350000500030465000240035494200290037899900170040795201280042420130902150832.0 aENG-108395 c425.00a9788120347526 aEN-91928 bDBAD/PUB a330.091732 aBrueckner, Jan K.00aLectures on urban economics /cby Jan K. Brueckner aDelhibPHI Learningc2013 aRimjhim house,111, Patparganj Industrial EstatebDelhie110092 ax,285p. :c23cm(pbk)bill. aincludes bibliographical references and index a Urban economics.  2ddccENmBRUh330.091732 c78884d78884 001040718NFICaDBADbDBADd2013-08-29eDBAD/PUBg425.00l0o330.091732 BRUpEN-91928r2013-08-29 00:00:00t1v425.00yEN